| Tag |
First Indicator |
Second Indicator |
Subfields |
| LEADER |
00000cam a2200000 4500 |
| 001 |
in00000034732 |
| 005 |
20151007062018.0 |
| 008 |
750826s1949 paua 00000 eng |
| 010 |
|
|
|a 49007869
|
| 035 |
|
|
|a (OCoLC)01575021
|
| 035 |
|
|
|9 AAD3746AM
|
| 040 |
|
|
|a DLC
|c FQG
|d TXA
|d UtOrBLW
|
| 049 |
|
|
|a TXAM
|c [167962]
|
| 050 |
0 |
0 |
|a SB139
|b .R6
|
| 082 |
0 |
|
|a 631.79
|
| 092 |
|
|
|a 631.79
|b R685s
|
| 100 |
1 |
|
|a Rodale, J. I.
|q (Jerome Irving),
|d 1898-1971.
|
| 245 |
1 |
0 |
|a Stone mulching in the garden.
|
| 264 |
|
1 |
|a Emmaus, Pa. :
|b Rodale Press,
|c 1949.
|
| 300 |
|
|
|a 164 pages :
|b illustrations ;
|c 24 cm.
|
| 336 |
|
|
|a text
|b txt
|2 rdacontent
|
| 337 |
|
|
|a unmediated
|b n
|2 rdamedia
|
| 338 |
|
|
|a volume
|b nc
|2 rdacarrier
|
| 500 |
|
|
|a Includes articles by Raymond Green and others, pub. originally in Organic gardening magazine.
|
| 650 |
|
0 |
|a Mulching.
|
| 650 |
|
0 |
|a Horticulture.
|
| 650 |
|
0 |
|a Gardening.
|
| 999 |
|
|
|a MARS
|
| 999 |
f |
f |
|s 13ca1f24-1c52-393e-8dde-d2eea5f776d7
|i a5e7e6e9-3b9f-3b1b-8372-f898a49bf498
|t 0
|
| 952 |
f |
f |
|p ric
|a Texas A&M University
|b Rellis Campus
|c Joint Library Facility
|d Remote Storage
|t 0
|e SB139 .R6
|h Library of Congress classification
|i unmediated -- volume
|m A14801068422
|
| 998 |
f |
f |
|a SB139 .R6
|t 0
|l Remote Storage
|